| 000 | 00803nam a22002055i 4500 | ||
|---|---|---|---|
| 001 | 166206 | ||
| 003 | ES-MaACL | ||
| 005 | 20250702063125.0 | ||
| 008 | 050914s1873 gw ad | |||||||| ||eng d | ||
| 040 |
_aCAM _bspa _cCAM |
||
| 100 | 1 |
_aThackeray, William Makepeace, _d1811-1863 _9109858 |
|
| 245 | 1 | 4 |
_aThe Paris sketch book / _cby W.M. Thackeray. |
| 260 |
_aLeipzig : _bBernhard Tauchnitz, _c1873. |
||
| 300 |
_a2 v. (286 ; 272 p., [1] h. de lám.) ; _c16 cm. |
||
| 490 | 1 |
_aCollection of british authors ; _v1335 ; 1336 |
|
| 599 | _aLa h. de lám. lit., retrato del autor : "A. Weger sc." | ||
| 830 | 0 |
_aCollection of british authors ; _v1335 ; 1336 _9180703 |
|
| 852 |
_aES-MaACL _jG-12858 _z-- Enc. hol., conservando la cub. original _z-- Enc. 2 t. en 1 v. |
||
| 999 |
_c166206 _d166206 |
||